Ideología y aparatos ideológicos de Estado /
Guardado en:
| Autor Principal: | |
|---|---|
| Otros Autores: | |
| Formato: | Libro |
| Publicado: |
Buenos Aires :
Nueva Visión,
1974.
|
| Series: | Nuevas fichas ;
34 |
| Materias: | |
| Etiquetas: |
Agregar Etiqueta
Sin Etiquetas, Sea el primero en etiquetar este registro!
|
| LEADER | 00671nam a22002055a 4500 | ||
|---|---|---|---|
| 001 | EHU.bham051509 | ||
| 008 | 230626s1974####ag############000#0#####d | ||
| 005 | 20230626075445.0 | ||
| 245 | 1 | 0 | |a Ideología y aparatos ideológicos de Estado / |c Louis Althusser ; trad. por Alberto J. Pla. |
| 260 | |a Buenos Aires : |b Nueva Visión, |c 1974. | ||
| 300 | |a 84 p. | ||
| 490 | 0 | |a Nuevas fichas ; |v 34 | |
| 100 | 1 | |a Althusser, Louis | |
| 700 | 1 | |a Pla, Alberto J., trad. | |
| 082 | 1 | 4 | |a 146.3 AL79-2 |
| 653 | |a Colección Villar | ||
| 653 | |a Ideología y ciencia | ||
| 653 | |a Marxismo | ||
| 653 | |a Estado-teoría marxista del | ||
| 859 | |a AR-BHAM |b BIB. HUMANIDADES - General |h 146.3 |i AL79-2 |p 309.23 | ||
